000 00472nam a2200169 i 4500
001 99181
003 ES-MaACL
005 20251119063119.0
007 t|
008 050902s1907 fr ||||1| fre d
100 0 _aMartin, Jules,
_cAbbé
_977333
245 1 4 _aLes grands philosophes
_b: Philon /
_cpar l'Abbé Jules Martin.
260 _aParis :
_bFélix Alcan,
_c1907.
300 _a303 p. ;
_c23 cm.
852 _aES-MaACL
_jD-1656
999 _c99181
_d99181